00408nam a2200109Ia 4500008004100000082000800041100002200049245010700071942000600178952009900184999001500283240331s9999 xx 000 0 und d bKOT aKottegoda, Sepali 0aAre traditional midwives history :b some insights from three conflict affected districts in Sri Lanka cL 001040708LaWERCLbWERCLcSSCd2024-03-31l0o 613.042 KOTp6840r2024-03-31w2024-03-31yL c5846d5846